De re publica ; (Record no. 30804)
[ view plain ]
| 000 -LEADER | |
|---|---|
| fixed length control field | 01075cam a2200325 a 4500 |
| 001 - CONTROL NUMBER | |
| control field | 30804 |
| 003 - CONTROL NUMBER IDENTIFIER | |
| rucl marc code | BD-RjUL |
| 005 - DATE AND TIME OF LATEST TRANSACTION | |
| control field | 20211209051622.0 |
| 008 - FIXED-LENGTH DATA ELEMENTS--GENERAL INFORMATION | |
| fixed length control field | 140411r19661928e 000 0 eng d |
| 035 ## - SYSTEM CONTROL NUMBER | |
| System control number | oxf98311169 |
| System control number | (OCoLC)173416281 |
| -- | (BD-RjUL) 30891 |
| 040 ## - CATALOGING SOURCE | |
| Original cataloging agency | OUN |
| Modifying agency | m.c |
| -- | BD-RjUL |
| Language of cataloging | eng |
| Transcribing agency | BD-RjUL |
| 041 1# - LANGUAGE CODE | |
| Language code of text/sound track or separate title | eng |
| -- | lat |
| Language code of original | lat |
| 082 ## - DEWEY DECIMAL CLASSIFICATION NUMBER | |
| Classification number | 320 |
| Author mark and year | CID 1966 |
| 100 1# - MAIN ENTRY--PERSONAL NAME | |
| Personal name | Cicero, Marcus Tullius. |
| 9 (RLIN) | 93584 |
| 245 10 - TITLE STATEMENT | |
| Title | De re publica ; |
| Remainder of title | De legibus / |
| Statement of responsibility, etc. | Cicero ; with an English translation by Clinton Walker Keyes. |
| 260 ## - PUBLICATION, DISTRIBUTION, ETC. (IMPRINT) | |
| Place of publication, distribution, etc. | Cambridge, Mass ; |
| -- | London : |
| Name of publisher, distributor, etc. | Harvard University Press, |
| Date of publication, distribution, etc. | 1928 [Reprinted 1966]. |
| 300 ## - PHYSICAL DESCRIPTION | |
| Pagination | [8] 533 p. ; |
| Size | 17 cm. |
| 490 1# - SERIES STATEMENT | |
| Series statement | Loeb classical library ; |
| Volume/sequential designation | 213 |
| Series statement | Cicero ; |
| Volume/sequential designation | 16 |
| 500 ## - GENERAL NOTE | |
| General note | Previously published: 1928. |
| 504 ## - BIBLIOGRAPHY, ETC. NOTE | |
| Bibliography, etc | Includes bibliography. |
| 650 ## - SUBJECT ADDED ENTRY--TOPICAL TERM | |
| Topical term or geographic name as entry element | Political science |
| 9 (RLIN) | 93585 |
| 700 1# - ADDED ENTRY--PERSONAL NAME | |
| Personal name | Keyes, Clinton Walker, |
| Dates associated with a name | 1888-1943. |
| 830 #0 - SERIES ADDED ENTRY--UNIFORM TITLE | |
| Volume number/sequential designation | 213. |
| 830 #0 - SERIES ADDED ENTRY--UNIFORM TITLE | |
| Uniform title | Loeb classical library ; |
| 942 ## - ADDED ENTRY ELEMENTS (KOHA) | |
| Source of classification or shelving scheme | Dewey Decimal Classification |
| Koha item type | Books |
| Lost status | Source of classification or shelving scheme | Damaged status | Not for loan | Collection code | Permanent Location | Current Location | Shelving location | Date acquired | Source of acquisition | Cost, normal purchase price | Total Checkouts | Full call number | Date last seen | Copy number | Koha item type |
|---|---|---|---|---|---|---|---|---|---|---|---|---|---|---|---|
| Dewey Decimal Classification | Non-fiction | Central Library, University of Rajshahi | Central Library, University of Rajshahi | 18/09/1967 | Sweets & Zeitlinger | 25.00 | 320 CID 1966 | 12/04/2014 | C-3 | Books |